000 00590nam a22002177a 4500
003 OSt
005 20140310183039.0
008 130222t xxu||||| |||| 00| 0 eng d
020 _a9789712359231
050 _aPN 59
_b.R457 2011
082 _aFIL 808.8
_b.R457 2011
245 _aWorld literature : literacy gems of the east and the west
_cReyes, Dinia Delfina S.
260 _aManila
_bRex Book Store
_c2011
300 _a243 p.
_c22 cm.
521 _acollege students
526 _c1210L-1700L
541 _j1
541 _j2
562 _e2
942 _2lcc
_cBK
_kFIL
999 _c18516
_d18516